000 00933cab a2200229 4500
001 WB3319-41
008 090401t1997 xxu||||| |||| 00| 0 eng d
035 _a(Sirsi) u78358
041 _aeng
245 _aWorld economy inhibited
260 _c1997
350 _a0
490 _aRICS Press Release
_v(pr48.corp) 15 May 1997 (3)
520 _aThere are barriers to foreign direct investment due to the mismatch in the world economy between increasingly liberal international capital investment flows and heavily restricted real estate markets still governed by complex and often incompatible national laws, according to research commissioned by the RICS. "Global direct investment and the importance of real estate" £60.00.
650 _aCAPITAL INVESTMENT FLOWS
650 _aECONOMIST INTELLIGENCE UNIT
650 _aFOREIGN INVESTMENT
650 _aRICS
690 _aOVERSEAS
942 _n0
948 _c15/05/1997
999 _c49317
_d49317